От истоков к современности. Кафедра аналитической, физической химии и физико-химии полимеров (60 лет) (Запись № 13684544)
[ простой вид ]
| 000 -МАРКЕР | |
|---|---|
| контрольное поле | 02723nam0a2200397 4500 |
| 001 - ИДЕНТИФИКАТОР ЗАПИСИ | |
| контрольное поле | RU\NLR\BIBL_A\022625959 |
| 005 - ИДЕНТИФИКАТОР ВЕРСИИ | |
| контрольное поле | 20260420053645.0 |
| 010 ## - МЕЖДУНАРОДНЫЙ СТАНДАРТНЫЙ НОМЕР КНИГИ (ISBN) | |
| Номер (ISBN) | 978-5-9948-5145-6 |
| Тираж | 100 |
| 021 ## - НОМЕР ГОСУДАРСТВЕННОЙ РЕГИСТРАЦИИ | |
| Код страны | Российская Федерация |
| Номер | КН-П-25-045551 |
| Номер Листа государственной регистраци | КН-П-25-4424 |
| 035 ## - ДРУГИЕ СИСТЕМНЫЕ НОМЕРА | |
| Идентификатор записи | (NLR Aleph) 022625959 |
| 100 ## - ДАННЫЕ ОБЩЕЙ ОБРАБОТКИ | |
| Данные общей обработки | 20250919d2025 k y0rusy50 ca |
| 101 0# - ЯЗЫК РЕСУРСА | |
| Язык текста, звукозаписи и т.д. | русский |
| 102 ## - СТРАНА ПУБЛИКАЦИИ ИЛИ ПРОИЗВОДСТВА | |
| Страна публикации | Российская Федерация |
| 105 ## - ПОЛЕ КОДИРОВАННЫХ ДАННЫХ: ТЕКСТОВЫЕ МАТЕРИАЛЫ, МОНОГРАФИЧЕСКИЕ | |
| Кодированные данные о монографическом текстовом документе | ach z 010zd |
| 181 #0 - ПОЛЕ КОДИРОВАННЫХ ДАННЫХ: ВИД СОДЕРЖАНИЯ | |
| Код вида содержания (ISBD) | i3 |
| Код характеристики содержания (ISBD) | axxe |
| 182 #0 - ПОЛЕ КОДИРОВАННЫХ ДАННЫХ: ТИП СРЕДСТВА | |
| Код типа средства (ISBD) | n - непосредственное |
| 200 1# - ЗАГЛАВИЕ И СВЕДЕНИЯ ОБ ОТВЕТСТВЕННОСТИ | |
| Основное заглавие | От истоков к современности. Кафедра аналитической, физической химии и физико-химии полимеров (60 лет) |
| Сведения, относящиеся к заглавию | монография |
| Первые сведения об ответственности | Ж. Н. Малышева, Г. П. Духанин, Е. Г. Духанина [и др.] |
| Последующие сведения об ответственности | под редакцией академика РАН И. А. Новакова |
| -- | Министерство науки и высшего образования Российской Федерации, Волгоградский государственный технический университет |
| 203 ## - ВИД СОДЕРЖАНИЯ И ТИП СРЕДСТВА | |
| Вид содержания | Текст |
| Дополнительные сведения об издании | визуальный |
| Тип средства | непосредственный |
| 210 ## - ПУБЛИКАЦИЯ, РАСПРОСТРАНЕНИЕ И ДР. | |
| Место издания, распространения и т.д. | Волгоград |
| Имя издателя, распространителя и т. д. | ВолгГТУ |
| Дата издания, распространения и т.д. | 2025 |
| 215 ## - ФИЗИЧЕСКАЯ ХАРАКТЕРИСТИКА | |
| Специфическое обозначение материала и объем | 212, [3] с. |
| Другие сведения о физической характеристике | ил., портр., табл., факс., цв. ил., цв. портр. |
| Размеры | 30 |
| 300 ## - ОБЩИЕ ПРИМЕЧАНИЯ | |
| Текст примечания | В кн. авт.: Ж. Н. Малышева, доц., канд. хим. наук, Г. П. Духанин, доц., канд. хим. наук, Е. Г. Духанина, доц., канд. хим. наук [и др.] |
| 300 ## - ОБЩИЕ ПРИМЕЧАНИЯ | |
| Текст примечания | На обл. авт. не указаны |
| 320 ## - ПРИМЕЧАНИЯ О НАЛИЧИИ В ДОКУМЕНТЕ БИБЛИОГРАФИИ / УКАЗАТЕЛЯ | |
| Текст примечания | Библиогр.: с. 213 (9 назв.) |
| 601 02 - НАИМЕНОВАНИЕ ОРГАНИЗАЦИИ КАК ПРЕДМЕТ | |
| Начальный элемент ввода | Волгоградский государственный технический университет |
| Структурное подразделение организации | Кафедра "Аналитическая, физическая химия и физико-химия полимеров" |
| Системный номер авторитетной/нормативной записи | 2681993 |
| Идентификатор авторитетной/нормативной записи | RU\NLR\AUTH\6601761536 |
| 686 1# - ИНДЕКСЫ ДРУГИХ КЛАССИФИКАЦИЙ | |
| Индекс | Ч488.34(2Р-4Во)7 |
| 701 #1 - ИМЯ ЛИЦА - АЛЬТЕРНАТИВНАЯ ОТВЕТСТВЕННОСТЬ | |
| Начальный элемент ввода | Малышева |
| Часть имени, кроме начального элемента ввода | Ж. Н. |
| Даты | 1944- |
| Расширение инициалов личного имени | Жанна Николаевна |
| 701 #1 - ИМЯ ЛИЦА - АЛЬТЕРНАТИВНАЯ ОТВЕТСТВЕННОСТЬ | |
| Начальный элемент ввода | Духанин |
| Часть имени, кроме начального элемента ввода | Г. П. |
| Даты | 1952- |
| Расширение инициалов личного имени | Геннадий Петрович |
| 701 #1 - ИМЯ ЛИЦА - АЛЬТЕРНАТИВНАЯ ОТВЕТСТВЕННОСТЬ | |
| Начальный элемент ввода | Духанина |
| Часть имени, кроме начального элемента ввода | Е. Г. |
| Даты | 1987- |
| Расширение инициалов личного имени | Екатерина Геннадьевна |
| 702 #1 - ИМЯ ЛИЦА - ВТОРИЧНАЯ ОТВЕТСТВЕННОСТЬ | |
| Начальный элемент ввода | Новаков |
| Часть имени, кроме начального элемента ввода | И. А. |
| Даты | 1949- |
| Расширение инициалов личного имени | Иван Александрович |
| Код отношения | Редактор |
| 712 02 - НАИМЕНОВАНИЕ ОРГАНИЗАЦИИ - ВТОРИЧНАЯ ОТВЕТСТВЕННОСТЬ | |
| Код отношения | Прочие |
| Начальный элемент ввода | Волгоградский государственный технический университет |
| Структурное подразделение | Кафедра "Аналитическая, физическая химия и физико-химия полимеров" |
| Системный номер авторитетной/нормативной записи | 2679639 |
| Идентификатор авторитетной/нормативной записи | RU\NLR\AUTH\880631954 |
| 942 ## - ДОПОЛНИТЕЛЬНЫЕ ЭЛЕМЕНТЫ ЗАПИСИ (АБИС) | |
| Тип экземпляра АБИС | Книга |
| 980 ## - КОЛЛЕКЦИЯ | |
| Название коллекции | Национальная библиография |
Нет доступных экземпляров.